Spon`s architects` and builders` price book 1975 (Record no. 87406)

MARC details
000 -LEADER
fixed length control field 00454cam a2200181 4500
001 - CONTROL NUMBER
control field D8933
008 - FIXED-LENGTH DATA ELEMENTS--GENERAL INFORMATION
fixed length control field 090401t1974 xxu||||| |||| 00| 0 eng d
035 ## - SYSTEM CONTROL NUMBER
System control number (Sirsi) u16246
041 ## - LANGUAGE CODE
Language code of text/sound track or separate title eng
110 ## - MAIN ENTRY--CORPORATE NAME
Corporate name or jurisdiction name as entry element DavisBelfield and Everest
9 (RLIN) 3167
245 ## - TITLE STATEMENT
Title Spon`s architects` and builders` price book 1975
250 ## - EDITION STATEMENT
Edition statement 100th
260 ## - PUBLICATION, DISTRIBUTION, ETC.
Place of publication, distribution, etc. London
Name of publisher, distributor, etc. Spon
Date of publication, distribution, etc. 1974
300 ## - PHYSICAL DESCRIPTION
Extent xxx. 572p. ill. 22cm. index
350 ## - PRICE (NR) (BK AM CF MU VM SE) [OBSOLETE]
Price 4
942 ## - ADDED ENTRY ELEMENTS (KOHA)
Suppress in OPAC 0
948 ## - LOCAL PROCESSING INFORMATION (OCLC); SERIES PART DESIGNATOR (RLIN)
c (OCLC) 04/03/1997
Holdings
Withdrawn status Lost status Source of classification or shelving scheme Damaged status Not for loan Home library Current library Shelving location Date acquired Cost, normal purchase price Total Checkouts Full call number Barcode Date last seen Copy number Cost, replacement price Price effective from Koha item type
    Other/Generic Classification Scheme     London London Basement 14/09/1999 4.00   BASEMENT 30027695 06/08/2019 1 4.00 06/08/2019 Reference material